| 000 | 00641nam a2200229 a 4500 | ||
|---|---|---|---|
| 005 | 20140310183246.0 | ||
| 008 | 040902s19uu xx 00 eng d | ||
| 020 | _a1564145840 | ||
| 050 |
_aHF 5385 _b.H65 2001 |
||
| 100 | _aHolliday, Micki | ||
| 245 |
_aCoaching, mentoring & managing / _cMicki Holliday. |
||
| 250 | _a2nd ed. | ||
| 260 |
_aN.J : _bThe Career Press, Inc, _cc2001. |
||
| 300 |
_a285 p. : _bill. ; _c25 cm. |
||
| 500 | _aIncludes index. | ||
| 521 | _aBSBA | ||
| 650 | _aMentoring in business. | ||
| 650 | _aEmployees, Training of. | ||
| 650 | _aEmployees, Counseling of. | ||
| 942 |
_cBK _2lcc _kFOR |
||
| 999 |
_c20699 _d20699 |
||